00784nam a22002057a 450000500170000000800410001702000180005804000070007604100080008308200180009110000170010924500590012625000130018526000550019830000280025336500620028152001780034365000350052170000220055620250213144412.0250213b ||||| |||| 00| 0 eng d a9780815366676 cAL aeng 223a300bHUNS aElgin F Hunt aSocial scienceb: introduction to the study of society a16th ed. aNew YorkbRoutledge Taylor and Francis Groupc2018 axxi,467p.bPBc23x17cm. 2Generala6389b₹796.00c₹d₹995.00e20%f06-02-2025 aSocial Science: An Introduction to the Study of Society 16e approaches social science from a common-sense perspective, rather than from a conventional social science angle.  2Social ScienceaSocial Science aColander, David C